=LDR 00000nam 2200000 4500 =001 INLIS000000000035413 =005 20130612141254 =008 ***********************************ind** =035 ##$$0010-061300000035413 =041 ##$$a ind =082 ##$$a 028.5 =090 ##$$a 028.5, Sya k =100 ##$$a Syahbana, Lana =245 ##$$a Kesksian Aliyya, Dan nenek lewat dengeng, Lana syahbani;Penerjemah,Sofia mansoor =260 ##$$a [20?...] $b Bandung =300 ##$$a 23 hlm, Ilus, 20 cm =650 ##$$a Fiksi Kanak-Kanak =700 ##$$a Monsoor, Sofia =850 ##$$a NBPNMAT